| 000 | 02247cam a22004574i 4500 | ||
|---|---|---|---|
| 003 | PE-LiUPU | ||
| 005 | 20250731172729.0 | ||
| 008 | 150617s1984 sp r 000 0 spa d | ||
| 035 | _a(Sirsi) a11401 | ||
| 040 |
_aPE-LiUPU _bspa _cPE-LiUPU _erda |
||
| 049 | _aPRUA | ||
| 082 | 0 | 4 |
_a224.6 _bW78 _221 |
| 100 | 1 |
_aWolff, Hans Walter, _eautor. |
|
| 245 | 1 | 0 |
_aOseas hoy : _blas bodas de la ramera / _cHans Walter Wolff. |
| 264 | 1 |
_aSalamanca : _bEdiciones Sígueme, _c1984. |
|
| 300 |
_a228 páginas ; _c21 centímetros. |
||
| 336 |
_atext _2rdacontent |
||
| 337 |
_aunmediated _2rdamedia |
||
| 338 |
_avolume _2rdacarrier |
||
| 490 | 0 |
_aNueva Alianza ; _v93 |
|
| 505 | 0 | _a¡Toma por mujer a una prostituta! -- El pueblo de Dios crece -- La oposición de Dios -- El sostenimiento de la vida -- reforma en el desierto -- Mi marido -- Repulsa de los ídolos -- Una nueva alianza -- Las bodas de la ramera -- Yo seré propicio -- La renovación de la iglesia -- El conocimiento de Dios y el juicio sobre el mundo -- Sólo para teólogos -- Bajo los poderes de la seducción -- Educador de los impenitentes -- Escuela de oración -- Una oración rechazada -- El retorno a Dios, movimiento de vida -- La acción es semilla -- El gran impedimento para la alegría festiva -- ¿Queremos escuchar? -- Vuestro corazón es falso -- La guerra, fruto de una falsa confianza -- Inversión del amor -- Traición a la palabra profética -- La rebelión contra el Salvador lleva a la muerte. | |
| 526 | _aSEG42 | ||
| 526 | _aSEG41 | ||
| 526 | _aSEG40 | ||
| 526 | _aSEG39 | ||
| 526 | _aP94 | ||
| 526 | _aP87 | ||
| 526 | _aP86 | ||
| 526 | _aP85 | ||
| 526 | _aP77 | ||
| 526 | _aP76 | ||
| 526 | _aP35 | ||
| 630 |
_aBiblia _pA.T. _pOseas _xComentarios. |
||
| 910 |
_ajck _bjvq _cjck _d20150616 |
||
| 942 |
_2ddc _cBOOK |
||
| 949 |
_a224.6 W78 _wDEWEY _c1 _i22967 _lCCODEBUL1 _mBUL _p00.00 _r0 _sY _tBOOK _u19840916 _xTEOLOGIA _PP35 _0COMPRA _o.STAFF. Colección General |
||
| 994 |
_aC0 _bPEPRU |
||
| 596 | _a1 | ||
| 999 |
_a224.6 W78 _wDEWEY _c1548 _i22967 _d1548 _e2019-6-18 _f2021-11-9 _g5 _lCCODEBUL1 _mBUL _n7 _p15.00 _r0 _sY _tBOOK _u2015-6-17 _xTEOLOGIA _PP35 _0COMPRA _o.STAFF. Colección Teología |
||
| 980 |
_81 _gALBERTO SANCHEZ Responsable de Automatización |
||